000 01048nam a2200325 4500
001 00632961
003 DO-SdBNP
005 20240124081033.0
007 00632961
008 130917s1996 sp gq 000 0 spa d
017 _a
_b
020 _a8408019260
035 _a
040 _aBPMSU
_bspa
_cBPMSU
_e
082 4 _a863.6
_bM379f 1996
_222
100 1 _aMartín, Andreu
_d1949-
245 1 0 _aFantasmas cotidianos /
_cAndreu Martín
246 1 4 _aFantasmas cotidianos :
_bun libro sobre los pequeños terrores que condicionan la vida de los seres humanos
250 _a
260 _aBarcelona :
_bPlaneta,
_c1996
300 _a193 p. :
_c21 cm
490 0 _a Autores españoles e hispanoamericanos
500 _aIncluye datos biográficos del autor en la solapa de cubierta
505 0 _aDe miedo -- Dejad que los caimanes se acerquen a mí -- Alma en pena.
590 _aInventariado, 2024/VM
650 4 _aNovela española
650 4 _a Fantasmas
_vNovela
910 _aVMateo V. Control de calidad. BPMSU
942 _2ddc
_cBK
999 _c9597
_d9597